000 00271nam a22001217a 4500
008 160507b xxu||||| |||| 00| 0 eng d
020 _a9780805318081
020 _a0805318089
041 _aeng
080 _a573
245 _aBiology:
_cNeil A. Campbell;
942 _2udc
_cBK
999 _c1902
_d1902